The All England Law Reports(1969 vol.3): Incorporating the law times reports, law journal reports. / (Record no. 4236)

MARC details
000 -LEADER
fixed length control field 00530nam a22001337a 4500
008 - FIXED-LENGTH DATA ELEMENTS--GENERAL INFORMATION
fixed length control field 140904b xxu||||| |||| 00| 0 eng d
020 ## - INTERNATIONAL STANDARD BOOK NUMBER
International Standard Book Number 40685095x
050 ## - LIBRARY OF CONGRESS CALL NUMBER
Classification number KD288.A64(1969 vol.3)
245 ## - TITLE STATEMENT
Title The All England Law Reports(1969 vol.3): Incorporating the law times reports, law journal reports. /
Statement of responsibility, etc. edited by J.T. Edgerley and assisted by Harold Christie and Paul H. Niekirk
260 ## - PUBLICATION, DISTRIBUTION, ETC.
Place of publication, distribution, etc. London:
Name of publisher, distributor, etc. Butterworth & Co. Ltd,
Date of publication, distribution, etc. 1969.
300 ## - PHYSICAL DESCRIPTION
Extent ivi,1706p.:
Dimensions 23cm.
440 ## - SERIES STATEMENT/ADDED ENTRY--TITLE
Name of part/section of a work The all England law reports
Volume/sequential designation Vol 3
942 ## - ADDED ENTRY ELEMENTS (KOHA)
Source of classification or shelving scheme Library of Congress Classification
Koha item type Books
Holdings
Withdrawn status Lost status Source of classification or shelving scheme Damaged status Not for loan Home library Current library Shelving location Date acquired Total Checkouts Full call number Barcode Date last seen Copy number Price effective from Koha item type
    Library of Congress Classification     WISCONSIN INTERNATIONAL UNIVERSITY COLLEGE, GHANA - MAIN LIBRARY WISCONSIN INTERNATIONAL UNIVERSITY COLLEGE, GHANA - MAIN LIBRARY Law Library 04/09/2014   KD288.A64(1969 vol.3) 2173/1170/14 04/09/2014 1 04/09/2014 Books

If you have any concerns or questions; kindly contact the library


© Powered by WIUC ICT DIRECTORATE